IAS 20 - Účtovanie štátnych dotácií a zverejňovanie štátnej podpory

IAS 20 - Účtovanie štátnych dotácií a zverejňovanie štátnej podpory. Charakteristika štandardu. Definícia základných pojmov - štát, štátna podpora, dotácie, štátne dotácie. Dva všeobecné prístupy účtovného riešenia štátnych dotácií - kapitálový a výnosový prístup. Zverejňovanie a prechodné ustanoven...

Descrizione completa

Salvato in:
Dettagli Bibliografici
Autore principale: Kovalčíková, Antónia
Natura: Capitolo di libro
Lingua:slovacco
Soggetti:
Tags: Aggiungi Tag
Nessun Tag, puoi essere il primo ad aggiungerne!!

MARC

LEADER 00000naa a2200000 4500
001 r041470
005 20231002074002.6
041 0 |a slo 
044 |a SK 
245 1 0 |a IAS 20 - Účtovanie štátnych dotácií a zverejňovanie štátnej podpory  |c Antónia Kovalčíková 
520 |a IAS 20 - Účtovanie štátnych dotácií a zverejňovanie štátnej podpory. Charakteristika štandardu. Definícia základných pojmov - štát, štátna podpora, dotácie, štátne dotácie. Dva všeobecné prístupy účtovného riešenia štátnych dotácií - kapitálový a výnosový prístup. Zverejňovanie a prechodné ustanovenia. Slovenská právna úprava. 
610 2 0 |a dotácie štátne 
610 2 0 |a podpory 
610 2 0 |a štát 
610 2 0 |a štandardy 
610 2 0 |a účtovanie 
610 2 0 |a predpisy právne 
610 2 0 |a Slovensko 
610 2 0 |a IAS 20 
100 1 |a Kovalčíková, Antónia